Khảo sát một số đặc điểm môi trường đất vùng đê kiểm soát lũ tỉnh An Giang : Chuyên đề luận án tiến sĩ

Nội dung đề tài thu thập số liệu thứ cấp, khảo sát thực địa về một số đặc điểm môi trường đất trong vùng đê bao đẻ kiểm soát lũ tại các vùng khác nhau ở tỉnh An Giang. Thu nhập mẫu đất phân tích các thông số vật lý, khoa học đất, đo...

תיאור מלא

שמור ב:
מידע ביבליוגרפי
מחבר ראשי: Trần, Anh Thư
פורמט: ספר
שפה:Undetermined
יצא לאור: Cần Thơ Trường Đại học Cần Thơ 2012
נושאים:
תגים: הוספת תג
אין תגיות, היה/י הראשונ/ה לתייג את הרשומה!
Thư viện lưu trữ: Trung tâm Học liệu Trường Đại học Cần Thơ
LEADER 01262nam a2200217Ia 4500
001 CTU_204775
008 210402s9999 xx 000 0 und d
082 |a 631.4 
082 |b Th550 
088 |a TNCS2011-28 
100 |a Trần, Anh Thư 
245 0 |a Khảo sát một số đặc điểm môi trường đất vùng đê kiểm soát lũ tỉnh An Giang : 
245 0 |b Chuyên đề luận án tiến sĩ 
245 0 |c Trần Anh Thư ; Trương Thị Nga (hướng dẫn khoa học) 
260 |a Cần Thơ 
260 |b Trường Đại học Cần Thơ 
260 |c 2012 
520 |a Nội dung đề tài thu thập số liệu thứ cấp, khảo sát thực địa về một số đặc điểm môi trường đất trong vùng đê bao đẻ kiểm soát lũ tại các vùng khác nhau ở tỉnh An Giang. Thu nhập mẫu đất phân tích các thông số vật lý, khoa học đất, độc học trong đất và vi sinh vật đất. 
650 |a Soil ecology,Khoa học đất,Sinh thái đất trồng,Soil science 
904 |i Qhieu 
980 |a Trung tâm Học liệu Trường Đại học Cần Thơ